Outlines of the history of botany (Record no. 396007)

MARC details
000 -LEADER
fixed length control field 00488 a2200193 4500
005 - DATE & TIME
control field 20260209164159.0
008 - FIXED-LENGTH DATA ELEMENTS--GENERAL INFORMATION
fixed length control field 260209b |||||||| |||| 00| 0 eng d
020 ## - ISBN
International Standard Book Number 9788119642861
Price Rs. 1895.00
040 ## - CATALOGING SOURCE
Original cataloging agency VIVEKANANDA LIBRARY
082 ## - DDC NUMBER
Classification number 580.9
Book Number H262O
100 ## - MAIN ENTRY--PERSONAL NAME
Personal name Gibson, Harvey R J
245 ## - TITLE STATEMENT
Title Outlines of the history of botany
260 ## - PUBLICATION, DISTRIBUTION, ETC. (IMPRINT)
Name of publisher, distributor, etc Hilltop Publications
Date of publication, distribution, etc 2025
Place of publication, distribution, etc Jaipur
300 ## - PHYSICAL DESCRIPTION
Pages x, 274
650 ## - Subject
Subject Botany
650 ## - Subject
Subject History -Botany
650 ## - Subject
Subject Plants
942 ## - ADDED ENTRY ELEMENTS (KOHA)
Koha item type Books
Holdings
Withdrawn status Lost status Source of classification or shelving scheme Damaged status Not for loan Location (home branch) Sublocation or collection (holding branch) Shelving location Date acquired Koha issues (times borrowed) Koha full call number Accession No. Koha date last seen Koha item type
    Dewey Decimal Classification     VIVEKANANDA LIBRARY VIVEKANANDA LIBRARY Vivekananda Library 22/01/2026   580.9 H262O 444487 22/01/2026 Books
© Designed and Maintained by Vivekananda Library, MDU Rohtak